000
00296nam a22001337a 4500
008
180222b xxu||||| |||| 00| 0 eng d
020
_a
9780070381346
041
_a
eng
080
_a
621
100
_a
27
101
_a
MEK
245
_a
Wire, Cable, Fiber Optics
_c
Lampen, S.H
942
_2
udc
_c
BK
999
_c
43124
_d
43124